Other Space Odysseys /

Gespeichert in:
Bibliographische Detailangaben
Hauptverfasser: Lynn, Greg (Verfasst von), Maltzan, Michael (Verfasst von), Poli, Alessandro (Verfasst von)
Format: Buch
Sprache:Englisch
Veröffentlicht: Baden : Lars Müller Publishers, 2010
Ausgabe:1. vydanie
Schlagworte:
Tags: Tag hinzufügen
Keine Tags, Fügen Sie das erste Tag hinzu!

MARC

LEADER 00000nam a22000003a 4500
001 0031489
003 SK-STU
005 20190325163535.5
007 ta
008 180228s ----xo-----e------000-0-----d
020 |a 978-0-920785-88-1 
020 |a 978-3-03778-193-7 
040 |a STU  |b slo 
041 0 |a eng 
044 |a sz 
100 1 |a Lynn, Greg  |4 aut 
245 1 0 |a Other Space Odysseys /  |c aut. Greg Lynn, Michael Maltzan, Alessandro Poli 
250 |a 1. vydanie 
260 |a Baden :  |b Lars Müller Publishers,  |c 2010 
300 |a 159 s. 
650 0 7 |a vesmír 
650 0 7 |a dizajn výrobkov 
700 1 |a Maltzan, Michael  |4 aut 
700 1 |a Poli, Alessandro  |4 aut 
996 |b 284AU07263  |c A* 10512/U  |l AAKNST  |s P  |a 0  |w 0031489_0001